000 00648nam a2200265Ia 4500
005 20260121173308.0
008 008 260114s9999 xx 000 0 eng d
020 _a9783031073304
037 _aEBOOK
040 _aCRL
040 _beng
040 _cCRL
041 _2eng
041 _aeng
084 _qCRL
100 _aUwe Wehrspohn, Dietmar Ernst
_91099077
245 0 _aWhen Do I Take Which Distribution?
260 _bSpringer
260 _bSpringer
260 _c2022
856 _uhttps://link.springer.com/openurl?genre=book&isbn=978-3-031-07330-4
942 _cEBOOK
999 _c1664821
_d1664821